000 00513nam a2200205Ia 4500
003 0100
008 130227s9999 xx 000 0 und d
040 _cARRUPELIB
050 _aB765.T54S468 2007
100 _aSelman, Francis
245 _aAquinas 101
245 _ba basic introduction to the thought of Saint Thomas Aquinas
260 _aIndiana
260 _bChristian Classics
260 _C2007
300 _a219p.
300 _b 22cm.
650 _bMakhurane, Phinias-Mogorosi
942 _2lcc
_02
999 _c5615
_d5615